[Event "Armenia ch 2007"]
[Site "Yerevan ARM"]
[Date "2007.01.22"]
[Round "7.5"]
[White "Petrosian, Tigran L"]
[Black "Minasian, Ara"]
[Result "1-0"]
[WhiteElo "2592"]
[BlackElo "2457"]
[PlyCount "73"]
[EventDate "2007.01.16"]
[EventType "tourn"]
[EventRounds "11"]
[EventCountry "ARM"]
[EventCategory "11"]
[Source "lmi"]
[SourceDate "2007.01.16"]

1. e4 e5 2. Nf3 Nc6 3. Bb5 Nf6 4. O-O Nxe4 5. Qe1 Ng5 6. Nxg5 Qxg5 7. d4 Qe7 8.
dxe5 Nxe5 9. f4 Ng4 10. Qg3 Qc5+ 11. Kh1 Qxb5 12. Re1+ Kd8 13. Qxg4 d6 14. Qh4+
f6 15. b3 Bd7 16. c4 Qf5 17. Nc3 Bc6 18. Bb2 Kd7 19. b4 b6 20. Ne2 h5 21. Nd4
Qg4 22. Qf2 Bb7 23. Re3 h4 24. h3 Qh5 25. Rae1 a5 26. b5 d5 27. Ne6 dxc4 28. f5
Bd6 29. Nxc7 Qf7 30. Ne6 Kc8 31. Rc3 Bd5 32. Qxb6 Bb4 33. Rxc4+ Bxc4 34. Rc1
Qb7 35. Qd4 Qxb5 36. Rxc4+ Kb8 37. Qf4+ 1-0

[Event "Armenia ch 2007"]
[Site "Yerevan ARM"]
[Date "2007.01.22"]
[Round "7.6"]
[White "Pashikian, Arman"]
[Black "Yegiazarian, Arsen"]
[Result "0-1"]
[WhiteElo "2532"]
[BlackElo "2498"]
[PlyCount "56"]
[EventDate "2007.01.16"]
[EventType "tourn"]
[EventRounds "11"]
[EventCountry "ARM"]
[EventCategory "11"]
[Source "lmi"]
[SourceDate "2007.01.16"]

1. d4 Nf6 2. Nf3 e6 3. c4 b6 4. g3 Bb7 5. Bg2 Be7 6. O-O O-O 7. d5 exd5 8. Nh4
c6 9. cxd5 Nxd5 10. Nf5 Nc7 11. e4 d5 12. Re1 Bf6 13. e5 Bc8 14. exf6 Bxf5 15.
fxg7 Re8 16. Rxe8+ Nxe8 17. Nc3 Nd7 18. Nxd5 cxd5 19. Qxd5 Ne5 20. Qxa8 Qd1+
21. Bf1 Bd7 22. Bf4 Nf3+ 23. Kg2 Ne1+ 24. Kg1 Qxa1 25. Qe4 Qd1 26. Be2 Nf3+ 27.
Kg2 Qg1+ 28. Kxf3 Bc6 0-1

[Event "Armenia ch 2007"]
[Site "Yerevan ARM"]
[Date "2007.01.23"]
[Round "8.1"]
[White "Anastasian, Ashot"]
[Black "Yegiazarian, Arsen"]
[Result "0-1"]
[WhiteElo "2587"]
[BlackElo "2498"]
[PlyCount "80"]
[EventDate "2007.01.16"]
[EventType "tourn"]
[EventRounds "11"]
[EventCountry "ARM"]
[EventCategory "11"]
[Source "lmi"]
[SourceDate "2007.01.16"]

1. Nf3 Nf6 2. c4 c5 3. Nc3 d5 4. cxd5 Nxd5 5. e4 Nb4 6. Bc4 Nd3+ 7. Ke2 Nf4+ 8.
Kf1 Ne6 9. Ne5 Nc6 10. Nxc6 bxc6 11. d3 g6 12. Be3 Bg7 13. h4 h5 14. Rc1 O-O
15. Na4 Bd4 16. Qd2 Qd6 17. b3 Rd8 18. Bxe6 Bxe6 19. Bxd4 cxd4 20. Ke2 Rab8 21.
f3 Rb5 22. Kf2 Kg7 23. Rc2 f5 24. Rhc1 fxe4 25. dxe4 Qh2 26. Rxc6 Bh3 27. Rg1
Bg4 28. Nc5 Rf8 29. Ne6+ Bxe6 30. Rxe6 Qxh4+ 31. Ke2 Rd8 32. Kd3 Rc5 33. Rd1
Rc3+ 34. Ke2 d3+ 35. Kf1 Rc2 36. Qe3 Rxa2 37. Qc5 Rd7 38. Rc6 Rc2 39. Qe5+ Kh7
40. Rxc2 dxc2 0-1

[Event "Armenia ch 2007"]
[Site "Yerevan ARM"]
[Date "2007.01.23"]
[Round "8.2"]
[White "Minasian, Ara"]
[Black "Pashikian, Arman"]
[Result "1/2-1/2"]
[WhiteElo "2457"]
[BlackElo "2532"]
[PlyCount "102"]
[EventDate "2007.01.16"]
[EventType "tourn"]
[EventRounds "11"]
[EventCountry "ARM"]
[EventCategory "11"]
[Source "lmi"]
[SourceDate "2007.01.16"]

1. c4 c5 2. Nc3 g6 3. e3 Bg7 4. d4 Nf6 5. Nf3 O-O 6. Be2 d6 7. O-O Bf5 8. b3 e5
9. a3 e4 10. Ne1 h5 11. b4 Nc6 12. Rb1 Ng4 13. Nc2 Qh4 14. h3 Nf6 15. Nd5 cxd4
16. Nxd4 Nxd4 17. Qxd4 Ng4 18. Qd1 Ne5 19. g3 Qd8 20. Kg2 Rc8 21. Bb2 Qd7 22.
Rh1 Rfe8 23. Qd4 b6 24. Rbd1 Bh8 25. Nf4 Red8 26. g4 hxg4 27. hxg4 Bxg4 28.
Rxh8+ Kxh8 29. Qxd6 Bf3+ 30. Kh2 Qxd6 31. Rxd6 f6 32. Bxe5 fxe5 33. Nxg6+ Kg7
34. Rxd8 Rxd8 35. Bxf3 exf3 36. Nxe5 Kf6 37. Nxf3 Rd3 38. b5 Rc3 39. Nd4 Rxc4
40. Kg3 Ra4 41. Kf4 Ke7 42. Ke5 Rxa3 43. Kd5 Kd7 44. e4 a5 45. bxa6 Ra5+ 46.
Kc4 Rxa6 47. Kb5 Ra2 48. Kxb6 Kd6 49. f4 Ra4 50. Nf5+ Ke6 51. Ng3 Rxe4 1/2-1/2

[Event "Armenia ch 2007"]
[Site "Yerevan ARM"]
[Date "2007.01.23"]
[Round "8.3"]
[White "Minasian, Artashes"]
[Black "Petrosian, Tigran L"]
[Result "0-1"]
[WhiteElo "2595"]
[BlackElo "2592"]
[PlyCount "80"]
[EventDate "2007.01.16"]
[EventType "tourn"]
[EventRounds "11"]
[EventCountry "ARM"]
[EventCategory "11"]
[Source "lmi"]
[SourceDate "2007.01.16"]

1. g3 d5 2. Nf3 g6 3. Bg2 Bg7 4. c4 c6 5. O-O Nf6 6. Qc2 O-O 7. d3 Re8 8. e4
dxe4 9. dxe4 e5 10. Rd1 Qe7 11. b3 Bg4 12. Nc3 Nbd7 13. h3 Bxf3 14. Bxf3 Nf8
15. a4 Ne6 16. Ba3 Qc7 17. Bd6 Qc8 18. Bg2 Nd4 19. Qa2 Qe6 20. Bc5 Nd7 21. Bxd4
exd4 22. Ne2 Qd6 23. Nf4 Nc5 24. Re1 g5 25. Nh5 a5 26. Nxg7 Kxg7 27. Rad1 h6
28. Qd2 d3 29. f4 Qd4+ 30. Kh2 Nxb3 31. Qxd3 Qxd3 32. Rxd3 Nc5 33. Rd6 Nxa4 34.
e5 Nc5 35. h4 Rad8 36. Rf6 g4 37. Re2 Re6 38. Rxe6 fxe6 39. h5 a4 40. Ra2 Rd3
0-1

[Event "Armenia ch 2007"]
[Site "Yerevan ARM"]
[Date "2007.01.23"]
[Round "8.4"]
[White "Asrian, Karen"]
[Black "Kotanjian, Tigran"]
[Result "1-0"]
[WhiteElo "2634"]
[BlackElo "2524"]
[PlyCount "57"]
[EventDate "2007.01.16"]
[EventType "tourn"]
[EventRounds "11"]
[EventCountry "ARM"]
[EventCategory "11"]
[Source "lmi"]
[SourceDate "2007.01.16"]

1. e4 c5 2. Nf3 Nc6 3. Bb5 g6 4. Bxc6 bxc6 5. O-O Bg7 6. Re1 Qc7 7. Na3 Nf6 8.
e5 Nd5 9. c4 Nb4 10. d4 cxd4 11. Qxd4 Ba6 12. Bg5 c5 13. Qh4 Nc6 14. Nb5 Qb6
15. a4 h6 16. Bd2 Nb4 17. Bc3 g5 18. Qg4 O-O 19. e6 f6 20. exd7 e5 21. Red1 Bb7
22. Nd6 Nc2 23. Qe6+ Kh8 24. a5 Qc7 25. Nxe5 fxe5 26. Bxe5 Bxe5 27. Qxe5+ Kg8
28. Qe6+ Kh7 29. Ne8 1-0

[Event "Armenia ch 2007"]
[Site "Yerevan ARM"]
[Date "2007.01.23"]
[Round "8.5"]
[White "Andriasian, Zaven"]
[Black "Chibukhchian, Artur"]
[Result "1/2-1/2"]
[WhiteElo "2508"]
[BlackElo "2410"]
[PlyCount "75"]
[EventDate "2007.01.16"]
[EventType "tourn"]
[EventRounds "11"]
[EventCountry "ARM"]
[EventCategory "11"]
[Source "lmi"]
[SourceDate "2007.01.16"]

1. e4 e5 2. Nf3 Nc6 3. d4 exd4 4. Nxd4 Nf6 5. Nc3 Bb4 6. Nxc6 bxc6 7. Bd3 d5 8.
exd5 cxd5 9. O-O O-O 10. Bg5 c6 11. Ne2 Bd6 12. Nd4 c5 13. Nf5 Bxf5 14. Bxf5 h6
15. Bh4 Rb8 16. b3 Rb4 17. Bg3 Bxg3 18. hxg3 Re8 19. Re1 g6 20. Bd3 h5 21.
Rxe8+ Qxe8 22. Qd2 Rb7 23. Qa5 Qc6 24. Be2 Re7 25. Bf3 Qd6 26. Rd1 d4 27. c3 d3
28. c4 Qd4 29. Qd2 Ng4 30. Rf1 Kg7 31. a3 a5 32. a4 Re6 33. Kh1 Rb6 34. Bd1 Rf6
35. Bf3 Rb6 36. Bd1 Re6 37. Bf3 Rb6 38. Bd1 1/2-1/2

[Event "Armenia ch 2007"]
[Site "Yerevan ARM"]
[Date "2007.01.23"]
[Round "8.6"]
[White "Karatorossian, David"]
[Black "Nalbandian, Tigran"]
[Result "0-1"]
[WhiteElo "2375"]
[BlackElo "2523"]
[PlyCount "98"]
[EventDate "2007.01.16"]
[EventType "tourn"]
[EventRounds "11"]
[EventCountry "ARM"]
[EventCategory "11"]
[Source "lmi"]
[SourceDate "2007.01.16"]

1. e4 c5 2. Nf3 Nc6 3. d4 cxd4 4. Nxd4 Nf6 5. Nc3 e5 6. Ndb5 d6 7. Bg5 a6 8.
Na3 b5 9. Nd5 Be7 10. Bxf6 Bxf6 11. c3 O-O 12. Nc2 Bg5 13. a4 bxa4 14. Rxa4 a5
15. Bc4 Rb8 16. Ra2 Kh8 17. O-O g6 18. Kh1 f5 19. exf5 gxf5 20. f4 exf4 21.
Nxf4 Qf6 22. Ne3 Qh6 23. Ned5 Ne5 24. Qd4 Qg7 25. Be2 Ng6 26. Qd3 Qe5 27. Nxg6+
hxg6 28. Bf3 Kg7 29. b4 Rh8 30. g3 Qxg3 31. Rg1 Qh4 32. Rxg5 Qxg5 33. Qd4+ Kg8
34. Rg2 Rh4 35. Nf6+ Kf7 36. Bd5+ Ke7 37. Ng8+ Kf8 38. Rxg5 Rxd4 39. cxd4 axb4
40. Rxg6 b3 41. Nh6 b2 42. Rg8+ Ke7 43. Nxf5+ Kf6 44. Rf8+ Kg6 45. Ne7+ Kg5 46.
Rg8+ Kf6 47. Be4 Kxe7 48. Rg1 Rb4 49. Rd1 Bb7 0-1

[Event "Armenia ch 2007"]
[Site "Yerevan ARM"]
[Date "2007.01.24"]
[Round "9.1"]
[White "Nalbandian, Tigran"]
[Black "Anastasian, Ashot"]
[Result "1/2-1/2"]
[WhiteElo "2523"]
[BlackElo "2587"]
[PlyCount "85"]
[EventDate "2007.01.16"]
[EventType "tourn"]
[EventRounds "11"]
[EventCountry "ARM"]
[EventCategory "11"]
[Source "lmi"]
[SourceDate "2007.01.16"]

1. d4 Nf6 2. Bg5 e6 3. e4 h6 4. Bxf6 Qxf6 5. Nc3 Bb4 6. e5 Qe7 7. a3 Bxc3+ 8.
bxc3 d6 9. f4 dxe5 10. fxe5 Qh4+ 11. g3 Qe4+ 12. Kf2 Qxh1 13. Bg2 Qxh2 14. Qg4
g6 15. Nh3 Bd7 16. Rh1 Qxg2+ 17. Kxg2 Bc6+ 18. Kg1 Bxh1 19. Kxh1 Nd7 20. Qh4
Rf8 21. Qxh6 O-O-O 22. Kg2 g5 23. Qxg5 f6 24. exf6 Rxf6 25. Nf4 Rdf8 26. Qg7 c6
27. Qe7 Nb6 28. Ng6 Nd5 29. Qxf8+ Rxf8 30. Nxf8 Nxc3 31. Nxe6 b6 32. Kf3 Kd7
33. Nf4 Nb5 34. Ke4 Nxa3 35. Kd3 Nb5 36. g4 a5 37. c4 Nd6 38. c5 bxc5 39. dxc5
Nf7 40. Kc3 Ne5 41. g5 Ke7 42. Kb3 Nd7 43. Nd3 1/2-1/2

[Event "Armenia ch 2007"]
[Site "Yerevan ARM"]
[Date "2007.01.24"]
[Round "9.2"]
[White "Chibukhchian, Artur"]
[Black "Karatorossian, David"]
[Result "0-1"]
[WhiteElo "2410"]
[BlackElo "2375"]
[PlyCount "90"]
[EventDate "2007.01.16"]
[EventType "tourn"]
[EventRounds "11"]
[EventCountry "ARM"]
[EventCategory "11"]
[Source "lmi"]
[SourceDate "2007.01.16"]

1. Nf3 Nf6 2. d4 g6 3. c4 Bg7 4. Nc3 O-O 5. e4 d6 6. Be2 e5 7. O-O exd4 8. Nxd4
Na6 9. Bg5 c6 10. Kh1 Nc5 11. f3 Qb6 12. Qd2 a5 13. Rab1 Bd7 14. Rfd1 Rfe8 15.
b3 Ne6 16. Nxe6 Rxe6 17. Na4 Qf2 18. Be3 Qh4 19. Nb6 Rd8 20. Bf1 h6 21. g3 Qh5
22. Bg2 Nh7 23. g4 Qh4 24. Bf2 Qg5 25. Be3 Qh4 26. Qxa5 Be5 27. f4 Bg7 28. f5
Ree8 29. Qe1 Qxg4 30. Rxd6 Bc8 31. Nxc8 Rxc8 32. h3 Qh5 33. fxg6 fxg6 34. Qg3
Nf8 35. Bf4 g5 36. Bd2 Be5 37. Qd3 Bxd6 38. Qxd6 Rcd8 39. Qb4 Ng6 40. Bc3 Rd3
41. Bb2 Rxh3+ 42. Kg1 Rg3 43. Rf1 Nf4 44. Rxf4 gxf4 45. Qe1 Qg6 0-1

[Event "Armenia ch 2007"]
[Site "Yerevan ARM"]
[Date "2007.01.24"]
[Round "9.3"]
[White "Kotanjian, Tigran"]
[Black "Andriasian, Zaven"]
[Result "1-0"]
[WhiteElo "2524"]
[BlackElo "2508"]
[PlyCount "95"]
[EventDate "2007.01.16"]
[EventType "tourn"]
[EventRounds "11"]
[EventCountry "ARM"]
[EventCategory "11"]
[Source "lmi"]
[SourceDate "2007.01.16"]

1. d4 d5 2. c4 c6 3. Nf3 Nf6 4. Nc3 dxc4 5. a4 Bf5 6. Ne5 Nbd7 7. Nxc4 Qc7 8.
g3 e5 9. dxe5 Nxe5 10. Bf4 Nfd7 11. Bg2 g5 12. Ne3 gxf4 13. Nxf5 O-O-O 14. Qc2
Nc5 15. O-O fxg3 16. hxg3 a5 17. Ne4 Nxe4 18. Bxe4 Bb4 19. Rad1 h5 20. Kg2 Ng6
21. Ng7 Rdg8 22. Bxg6 fxg6 23. Ne6 Qe7 24. Nf4 Kb8 25. Rh1 Qe8 26. Qc4 Qe7 27.
e3 Rg7 28. Rd4 Qf6 29. Nd3 Bd6 30. Nc5 Rf8 31. f4 Bxc5 32. Qxc5 g5 33. Rxh5
gxf4 34. exf4 Rfg8 35. Rh3 Rg4 36. Kf2 Qg7 37. Qc3 Re8 38. Rd3 Qc7 39. Rh8 Qb6+
40. Kg2 Rgg8 41. Rxg8 Rxg8 42. Qd4 Qa6 43. f5 Ka8 44. f6 Rf8 45. Re3 c5 46.
Qxc5 Qxf6 47. Qxa5+ Kb8 48. Qe5+ 1-0

[Event "Armenia ch 2007"]
[Site "Yerevan ARM"]
[Date "2007.01.24"]
[Round "9.4"]
[White "Petrosian, Tigran L"]
[Black "Asrian, Karen"]
[Result "1/2-1/2"]
[WhiteElo "2592"]
[BlackElo "2634"]
[PlyCount "31"]
[EventDate "2007.01.16"]
[EventType "tourn"]
[EventRounds "11"]
[EventCountry "ARM"]
[EventCategory "11"]
[Source "lmi"]
[SourceDate "2007.01.16"]

1. e4 e5 2. Nf3 Nc6 3. Bb5 Nf6 4. O-O Nxe4 5. Re1 Nd6 6. Nxe5 Nxe5 7. Rxe5+ Be7
8. Bd3 O-O 9. Nc3 c6 10. Qf3 Ne8 11. b3 d5 12. Bb2 Bf6 13. Re2 Nc7 14. Na4 Bxb2
15. Nxb2 Qd6 16. Qg3 1/2-1/2

[Event "Armenia ch 2007"]
[Site "Yerevan ARM"]
[Date "2007.01.24"]
[Round "9.5"]
[White "Pashikian, Arman"]
[Black "Minasian, Artashes"]
[Result "1-0"]
[WhiteElo "2532"]
[BlackElo "2595"]
[PlyCount "99"]
[EventDate "2007.01.16"]
[EventType "tourn"]
[EventRounds "11"]
[EventCountry "ARM"]
[EventCategory "11"]
[Source "lmi"]
[SourceDate "2007.01.16"]

1. e4 e6 2. d4 d5 3. Nd2 Nc6 4. Ngf3 Nf6 5. e5 Nd7 6. Bd3 Nb4 7. Be2 c5 8. c3
Nc6 9. Nf1 Qb6 10. a3 a5 11. Ng3 a4 12. O-O Be7 13. h4 O-O 14. Bd3 cxd4 15.
cxd4 f6 16. exf6 Bxf6 17. Be3 Qxb2 18. Bxh7+ Kxh7 19. Qd3+ Kg8 20. Rfb1 Nde5
21. dxe5 Nxe5 22. Nxe5 Qxe5 23. Re1 Qc3 24. Qg6 Qc7 25. Rac1 Qf7 26. Qd3 e5 27.
h5 Be6 28. h6 Rac8 29. Bc5 Rfe8 30. Bd6 gxh6 31. Rxc8 Bxc8 32. Rc1 e4 33. Qd1
Bg5 34. Rc7 Bd7 35. Rxb7 Qe6 36. Bc5 Bc6 37. Rb4 Kh7 38. Bd4 Rg8 39. Rb6 Rg6
40. Ra6 e3 41. Qf3 exf2+ 42. Qxf2 Kg8 43. Nf5 Qe4 44. Ra7 Be8 45. Rb7 h5 46.
Nd6 Qe6 47. Rb8 Bh4 48. Qxh4 Qxd6 49. Rxe8+ Kf7 50. Re2 1-0

[Event "Armenia ch 2007"]
[Site "Yerevan ARM"]
[Date "2007.01.24"]
[Round "9.6"]
[White "Yegiazarian, Arsen"]
[Black "Minasian, Ara"]
[Result "1/2-1/2"]
[WhiteElo "2498"]
[BlackElo "2457"]
[PlyCount "51"]
[EventDate "2007.01.16"]
[EventType "tourn"]
[EventRounds "11"]
[EventCountry "ARM"]
[EventCategory "11"]
[Source "lmi"]
[SourceDate "2007.01.16"]

1. d4 d5 2. c4 c6 3. Nc3 Nf6 4. e3 a6 5. Qc2 b5 6. b3 Bg4 7. Nge2 Nbd7 8. h3
Bh5 9. Nf4 Bg6 10. Nxg6 hxg6 11. Bb2 e6 12. Be2 g5 13. c5 Qc7 14. O-O-O g6 15.
Kb1 Bg7 16. a3 a5 17. g3 Kf8 18. Bc1 Re8 19. Bf3 e5 20. Bg2 Kg8 21. Ne2 g4 22.
hxg4 Rxh1 23. Rxh1 exd4 24. Nxd4 Nxg4 25. Bb2 Ngf6 26. Bh3 1/2-1/2

[Event "Armenia ch 2007"]
[Site "Yerevan ARM"]
[Date "2007.01.25"]
[Round "10.1"]
[White "Anastasian, Ashot"]
[Black "Minasian, Ara"]
[Result "1/2-1/2"]
[WhiteElo "2587"]
[BlackElo "2457"]
[PlyCount "59"]
[EventDate "2007.01.16"]
[EventType "tourn"]
[EventRounds "11"]
[EventCountry "ARM"]
[EventCategory "11"]
[Source "lmi"]
[SourceDate "2007.01.16"]

1. Nf3 d5 2. e3 Nf6 3. c4 c6 4. Nc3 a6 5. Qc2 b5 6. c5 Bg4 7. Ne5 Nbd7 8. Nxc6
Qc7 9. Nb4 Qxc5 10. Ncxd5 Nxd5 11. Qxc5 Nxc5 12. Nxd5 O-O-O 13. Nc3 e5 14. b4
Nd3+ 15. Bxd3 Rxd3 16. a3 Be7 17. f3 Be6 18. Rf1 Kb7 19. Bb2 Ra8 20. f4 exf4
21. Rxf4 Rad8 22. Rf2 f6 23. O-O-O Bb3 24. Rg1 a5 25. bxa5 b4 26. axb4 Bxb4 27.
g4 h6 28. h4 Bxa5 29. g5 fxg5 30. hxg5 1/2-1/2

[Event "Armenia ch 2007"]
[Site "Yerevan ARM"]
[Date "2007.01.25"]
[Round "10.3"]
[White "Asrian, Karen"]
[Black "Pashikian, Arman"]
[Result "1/2-1/2"]
[WhiteElo "2634"]
[BlackElo "2532"]
[PlyCount "21"]
[EventDate "2007.01.16"]
[EventType "tourn"]
[EventRounds "11"]
[EventCountry "ARM"]
[EventCategory "11"]
[Source "lmi"]
[SourceDate "2007.01.16"]

1. e4 e5 2. Nf3 Nc6 3. Bb5 a6 4. Ba4 Nf6 5. O-O Be7 6. Re1 b5 7. Bb3 O-O 8. a4
b4 9. d4 d6 10. dxe5 Nxe5 11. Nxe5 1/2-1/2

[Event "Armenia ch 2007"]
[Site "Yerevan ARM"]
[Date "2007.01.25"]
[Round "10.4"]
[White "Andriasian, Zaven"]
[Black "Petrosian, Tigran L"]
[Result "1/2-1/2"]
[WhiteElo "2508"]
[BlackElo "2592"]
[PlyCount "151"]
[EventDate "2007.01.16"]
[EventType "tourn"]
[EventRounds "11"]
[EventCountry "ARM"]
[EventCategory "11"]
[Source "lmi"]
[SourceDate "2007.01.16"]

1. e4 e6 2. d4 d5 3. Nd2 c5 4. exd5 Qxd5 5. Ngf3 cxd4 6. Bc4 Qd6 7. O-O Nf6 8.
Nb3 Nc6 9. Nbxd4 Nxd4 10. Nxd4 a6 11. Re1 Qc7 12. Qe2 Bd7 13. Bg5 O-O-O 14.
Rad1 Bb4 15. c3 Bd6 16. h3 h6 17. Be3 Kb8 18. Bb3 g5 19. Nc2 Bh2+ 20. Kh1 Rhe8
21. Bd4 e5 22. Be3 Bf4 23. Bxf7 Rf8 24. Bb3 g4 25. Bxf4 exf4 26. hxg4 f3 27.
gxf3 Ka8 28. Qe5 Qb6 29. Nd4 Bxg4 30. fxg4 Nxg4 31. Qg3 Nxf2+ 32. Kh2 Nxd1 33.
Rxd1 Qa5 34. Re1 Qh5+ 35. Kg2 Rde8 36. Ne6 Rf7 37. Nf4 Rxf4 38. Rxe8+ Qxe8 39.
Qxf4 Qe2+ 40. Qf2 Qg4+ 41. Kf1 h5 42. Qg2 Qf5+ 43. Kg1 Qf4 44. Bd5 Qc1+ 45. Kh2
Qf4+ 46. Kh3 Qf5+ 47. Kh4 Qf4+ 48. Kxh5 Qf5+ 49. Qg5 Qc2 50. Qg8+ Ka7 51. Qg2
Qf5+ 52. Kh4 Qf4+ 53. Kh3 Qf5+ 54. Kg3 Qg5+ 55. Kf2 Qd2+ 56. Kg1 Qd1+ 57. Kh2
Qh5+ 58. Kg3 Qg5+ 59. Kh2 Qh5+ 60. Qh3 Qxd5 61. Qe3+ Ka8 62. a3 Qh5+ 63. Kg3
Qg6+ 64. Kf2 Qf5+ 65. Kg2 Qc2+ 66. Qf2 Qd3 67. Qf8+ Ka7 68. Qf3 Qb1 69. Qe2 b5
70. Kf2 Kb6 71. Ke3 Ka5 72. c4 Qc1+ 73. Qd2+ Qxd2+ 74. Kxd2 bxc4 75. Kc3 Kb5
76. Kd4 1/2-1/2

[Event "Armenia ch 2007"]
[Site "Yerevan ARM"]
[Date "2007.01.25"]
[Round "10.6"]
[White "Nalbandian, Tigran"]
[Black "Chibukhchian, Artur"]
[Result "1-0"]
[WhiteElo "2523"]
[BlackElo "2410"]
[PlyCount "85"]
[EventDate "2007.01.16"]
[EventType "tourn"]
[EventRounds "11"]
[EventCountry "ARM"]
[EventCategory "11"]
[Source "lmi"]
[SourceDate "2007.01.16"]

1. d4 g6 2. c4 Bg7 3. Nc3 d6 4. e4 Nf6 5. Be2 O-O 6. Be3 Nbd7 7. g4 e5 8. d5
Nc5 9. f3 Ne8 10. b4 Nd7 11. h4 a5 12. a3 Bf6 13. g5 Be7 14. Nh3 Ng7 15. Kd2 f6
16. Kc2 axb4 17. axb4 Rxa1 18. Qxa1 fxg5 19. Nxg5 Nf6 20. c5 Nfh5 21. c6 Ng3
22. Rg1 Nxe2 23. Nxe2 bxc6 24. dxc6 Qe8 25. Qa2+ Kh8 26. b5 h6 27. Qa7 hxg5 28.
hxg5 Qf7 29. Qxc7 Qa2+ 30. Kd1 Qb3+ 31. Ke1 Re8 32. Qb6 Be6 33. Kf2 Bc4 34. c7
Bxb5 35. Rc1 Qb2 36. Bd2 Qxd2 37. Qxb5 Bxg5 38. Rh1+ Kg8 39. Qxe8+ Nxe8 40.
c8=Q Be3+ 41. Kg3 Kf7 42. Rh7+ Kg8 43. Re7 1-0

[Event "Armenia ch 2007"]
[Site "Yerevan ARM"]
[Date "2007.01.26"]
[Round "11.1"]
[White "Chibukhchian, Artur"]
[Black "Anastasian, Ashot"]
[Result "1/2-1/2"]
[WhiteElo "2410"]
[BlackElo "2587"]
[PlyCount "24"]
[EventDate "2007.01.16"]
[EventType "tourn"]
[EventRounds "11"]
[EventCountry "ARM"]
[EventCategory "11"]
[Source "lmi"]
[SourceDate "2007.01.16"]

1. c4 Nf6 2. Nf3 c5 3. d4 cxd4 4. Nxd4 b6 5. f3 Bb7 6. e4 d6 7. Nc3 Nbd7 8. Be3
e6 9. Be2 Be7 10. O-O O-O 11. Rc1 a6 12. Qd2 Qc7 1/2-1/2

[Event "Armenia ch 2007"]
[Site "Yerevan ARM"]
[Date "2007.01.26"]
[Round "11.2"]
[White "Kotanjian, Tigran"]
[Black "Nalbandian, Tigran"]
[Result "1-0"]
[WhiteElo "2524"]
[BlackElo "2523"]
[PlyCount "75"]
[EventDate "2007.01.16"]
[EventType "tourn"]
[EventRounds "11"]
[EventCountry "ARM"]
[EventCategory "11"]
[Source "lmi"]
[SourceDate "2007.01.16"]

1. d4 Nf6 2. c4 g6 3. f3 c5 4. d5 Bg7 5. e4 d6 6. Ne2 e6 7. Nec3 O-O 8. Be2 Nh5
9. g4 Qh4+ 10. Kd2 Nf4 11. Kc2 Nxe2 12. Qxe2 f5 13. gxf5 exf5 14. Rg1 f4 15.
Bd2 a6 16. a4 Nd7 17. a5 Ne5 18. Na4 g5 19. Nb6 g4 20. Bc3 gxf3 21. Qxf3 Qxh2+
22. Qg2 Qxg2+ 23. Rxg2 Rb8 24. Bxe5 dxe5 25. Nd2 Bh3 26. Rh2 Bg4 27. Nb3 f3 28.
Nxc5 Rf4 29. Rf2 h5 30. d6 Bf8 31. Rd1 Kf7 32. b4 Ke8 33. Rd5 Rf6 34. d7+ Kd8
35. Rxe5 Bxc5 36. Re8+ Kc7 37. Rxb8 Rf8 38. Rc8+ 1-0

[Event "Armenia ch 2007"]
[Site "Yerevan ARM"]
[Date "2007.01.26"]
[Round "11.3"]
[White "Petrosian, Tigran L"]
[Black "Karatorossian, David"]
[Result "1-0"]
[WhiteElo "2592"]
[BlackElo "2375"]
[PlyCount "105"]
[EventDate "2007.01.16"]
[EventType "tourn"]
[EventRounds "11"]
[EventCountry "ARM"]
[EventCategory "11"]
[Source "lmi"]
[SourceDate "2007.01.16"]

1. e4 e6 2. d4 d5 3. Nc3 Bb4 4. e5 b6 5. a3 Bxc3+ 6. bxc3 Qd7 7. Qg4 f5 8. Qg3
Ba6 9. Bxa6 Nxa6 10. Ne2 O-O-O 11. a4 Nb8 12. a5 Nc6 13. axb6 cxb6 14. Nf4 g6
15. h4 Nge7 16. Ba3 Na5 17. Qg5 Nec6 18. Qf6 Rde8 19. h5 gxh5 20. Rxh5 Nc4 21.
Qh4 Nxa3 22. Rxa3 Na5 23. Ng6 Qb5 24. Rxa5 bxa5 25. Nxh8 Rxh8 26. Qe7 Qd7 27.
Qc5+ Qc7 28. Qxc7+ Kxc7 29. Rh6 Re8 30. Rxh7+ Kb6 31. Kd2 Rc8 32. Re7 Rc6 33.
c4 dxc4 34. Kc3 a4 35. Kb4 c3 36. Rd7 a3 37. Kxa3 Kb5 38. Kb3 a5 39. d5 a4+ 40.
Ka3 exd5 41. Rxd5+ Kc4 42. Rd1 Re6 43. Re1 Kc5 44. g3 Kc4 45. f3 Kc5 46. f4 Kc4
47. g4 fxg4 48. f5 Re8 49. e6 Kd5 50. e7 g3 51. f6 g2 52. f7 Rxe7 53. Rd1+ 1-0

[Event "Armenia ch 2007"]
[Site "Yerevan ARM"]
[Date "2007.01.26"]
[Round "11.4"]
[White "Pashikian, Arman"]
[Black "Andriasian, Zaven"]
[Result "1/2-1/2"]
[WhiteElo "2532"]
[BlackElo "2508"]
[PlyCount "81"]
[EventDate "2007.01.16"]
[EventType "tourn"]
[EventRounds "11"]
[EventCountry "ARM"]
[EventCategory "11"]
[Source "lmi"]
[SourceDate "2007.01.16"]

1. d4 Nf6 2. Nf3 g6 3. c4 Bg7 4. Nc3 O-O 5. e4 d6 6. Be2 e5 7. O-O Nc6 8. d5
Ne7 9. b4 a5 10. Ba3 axb4 11. Bxb4 b6 12. a4 Re8 13. Qd3 Nf5 14. a5 bxa5 15.
Rxa5 Rb8 16. Rb5 Ra8 17. Ra5 Rb8 18. Rb5 Ba6 19. Rxb8 Qxb8 20. Rb1 Qd8 21. Ra1
Qc8 22. Bd1 Nd4 23. Ba4 Rf8 24. Nxd4 exd4 25. Bb5 Bxb5 26. Nxb5 Re8 27. Re1 Qb7
28. Ba5 Ra8 29. Bd2 Nd7 30. Nxd4 Qb2 31. Nf3 Nc5 32. Qb1 Qxb1 33. Rxb1 Nxe4 34.
Be3 f5 35. g3 Ra4 36. Rb8+ Kf7 37. c5 Nxc5 38. Bxc5 dxc5 39. Rb7 Bd4 40. Rxc7+
Kf6 41. Kg2 1/2-1/2

[Event "Armenia ch 2007"]
[Site "Yerevan ARM"]
[Date "2007.01.26"]
[Round "11.5"]
[White "Yegiazarian, Arsen"]
[Black "Asrian, Karen"]
[Result "1/2-1/2"]
[WhiteElo "2498"]
[BlackElo "2634"]
[PlyCount "28"]
[EventDate "2007.01.16"]
[EventType "tourn"]
[EventRounds "11"]
[EventCountry "ARM"]
[EventCategory "11"]
[Source "lmi"]
[SourceDate "2007.01.16"]

1. Nf3 Nf6 2. c4 e6 3. Nc3 d5 4. cxd5 exd5 5. d4 c6 6. Bg5 h6 7. Bxf6 Qxf6 8.
e3 Bd6 9. Bd3 Bg4 10. h3 Bf5 11. O-O O-O 12. Bxf5 Qxf5 13. Qb1 Qxb1 14. Raxb1
Nd7 1/2-1/2

[Event "Armenia ch 2007"]
[Site "Yerevan ARM"]
[Date "2007.01.26"]
[Round "11.6"]
[White "Minasian, Ara"]
[Black "Minasian, Artashes"]
[Result "1/2-1/2"]
[WhiteElo "2457"]
[BlackElo "2595"]
[PlyCount "21"]
[EventDate "2007.01.16"]
[EventType "tourn"]
[EventRounds "11"]
[EventCountry "ARM"]
[EventCategory "11"]
[Source "lmi"]
[SourceDate "2007.01.16"]

1. c4 c5 2. Nf3 g6 3. d4 Bg7 4. Nc3 cxd4 5. Nxd4 Nc6 6. e3 Nf6 7. Be2 O-O 8.
O-O d6 9. b3 Bd7 10. Bb2 a6 11. Qd2 1/2-1/2